Microsoft System Center Configuration Manager Advanced Deployment /

Design, implement, and configure System Center Configuration Manager 2012 R2 with the help of real-world examples In Detail Microsoft System Center Configuration Manager is an enterprise device management solution from Microsoft. It helps manage applications from a single location, managing deployme...

Full description

Bibliographic Details
Main Author: Coupland, Martyn (Author)
Corporate Author: Safari, an O'Reilly Media Company
Format: eBook
Language:English
Published: Packt Publishing, 2014.
Edition:1st edition.
Subjects:
Online Access:Connect to this electronic resource

MARC

Tag First Indicator Second Indicator Subfields
LEADER 00000uam a2200000 a 4500
001 in00004251920
005 20260123205359.1
006 m o d
007 cr cn
008 290914s2014 xx o eng
020 |z 9781782172086 
020 |z 9781782172093 
035 |a (CaSebORM)9781782172086 
040 |d UtOrBLW 
041 0 |a eng 
100 1 |a Coupland, Martyn,  |e author. 
245 1 0 |a Microsoft System Center Configuration Manager Advanced Deployment /  |c Coupland, Martyn. 
250 |a 1st edition. 
264 1 |b Packt Publishing,  |c 2014. 
300 |a 1 online resource (290 pages) 
336 |a text  |b txt  |2 rdacontent 
337 |a computer  |b c  |2 rdamedia 
338 |a online resource  |b cr  |2 rdacarrier 
347 |a text file 
520 |a Design, implement, and configure System Center Configuration Manager 2012 R2 with the help of real-world examples In Detail Microsoft System Center Configuration Manager is an enterprise device management solution from Microsoft. It helps manage applications from a single location, managing deployments on single or multiple devices and providing security of data stored on those devices. It contains a large number of features that are not always exposed in every environment. Expanding your knowledge of Configuration Manager will ensure that you and your organization get the best out of your investment in Configuration Manager. This book will give you thorough insights into Configuration Manager environments from a design perspective. You will understand how proper decisions made at the first stage of a deployment can lead to a successful implementation at the later stages. Following this, you will learn how to secure your site using certificates and also deploy and manage endpoint protection to clients. What You Will Learn Analyze your environment to provide the best design solution Secure your environment using certificates and encryption Address challenges with unwanted application installations Provide a secure operating system with endpoint protection Learn how content management works in Configuration Manager Deploy complex desktop and server operating systems Keep your environment up to date with security updates Manage mobile devices and Bring Your Own Device (BYOD) 
533 |a Electronic reproduction.  |b Boston, MA :  |c Safari,  |n Available via World Wide Web. 
538 |a Mode of access: World Wide Web. 
542 |f Copyright © Packt Publishing 
588 |a Online resource; Title from title page (viewed September 25, 2014) 
500 |a Electronic resource. 
655 7 |a Electronic books.  |2 local 
710 2 |a Safari, an O'Reilly Media Company. 
856 4 0 |u https://proxy.library.tamu.edu/login?url=https://go.oreilly.com/TAMU/library/view/-/9781782172086/?ar  |z Connect to this electronic resource  |t 0 
999 f f |s 8fbf57f9-cf5e-3269-adb0-3f9b65600634  |i 56d10366-e60e-312e-88bb-d4a16b20e212  |t 0 
952 f f |a Texas A&M University  |b College Station  |c Electronic Resources  |s www_evans  |d Available Online  |t 0  |h No information provided 
998 f f |t 0  |l Available Online